HR competencies: mastery at the intersection of people and business
Saved in:
| Main Authors: | , , , , |
|---|---|
| Format: | Bog |
| Sprog: | engelsk |
| Udgivet: |
Alexandría
The Society for Human Resource Management
2008
|
| Fag: | |
| Tags: |
Tilføj Tag
Ingen Tags, Vær først til at tagge denne postø!
|
MARC
| LEADER | 00000nam a2200000 a 4500 | ||
|---|---|---|---|
| 001 | UCI9920 | ||
| 003 | CL-VaPUC | ||
| 008 | 081218e20080000us |||||||||||||||||eng|d | ||
| 020 | |a 9781586441135 | ||
| 082 | 0 | 4 | |a 658.3 |b ULR |2 21 |
| 100 | 0 | |a Ulrich, Dave |e author |9 533975 | |
| 700 | 0 | |a Brockbank, Wayne |e author |9 533976 | |
| 700 | 0 | |a Johnson, Dani |e author |9 533977 | |
| 700 | 0 | |a Sandholtz, Kurt |e author |9 533978 | |
| 700 | 0 | |a Younger, Jon |e author |9 533979 | |
| 245 | 1 | 0 | |a HR competencies: mastery at the intersection of people and business |
| 300 | |a 271 p | ||
| 942 | |c BK | ||
| 945 | |d 20081218 00:00:00 |a rbrito | ||
| 260 | |a Alexandría |b The Society for Human Resource Management |c 2008 | ||
| 650 | 0 | |a Recursos humanos |9 228420 | |
| 650 | 0 | |a Administración del personal |9 260442 | |
| 650 | 0 | |a Gestión administrativa |9 375217 | |
| 650 | 0 | |a Desarrollo organizacional |9 356124 | |
| 650 | 0 | |a Competencias |9 341916 | |
| 583 | |a last modification |c 20171218 04:24:20 |k Rodrigo Vera | ||
| 999 | |c 332366 |d 332364 | ||
| 952 | |0 0 |1 0 |4 0 |6 658_300000000000000_ULR_2008 |7 0 |8 A |9 419999 |a BIBING |b BIBING |d 2019-11-22 |i 450769K |o 658.3 ULR 2008 |p 450769K |r 2025-01-20 |w 2019-11-22 |y BK |k EII | ||
| 952 | |0 0 |1 0 |4 0 |6 658_300000000000000_ULR_2008 |7 0 |8 A |9 420000 |a BIBING |b BIBING |d 2019-11-22 |i 4507703 |o 658.3 ULR 2008 |p 4507703 |r 2025-01-20 |w 2019-11-22 |y BK |k EII | ||